<?xml version="1.0" encoding="UTF-8"?>
<record
    xmlns:xsi="http://www.w3.org/2001/XMLSchema-instance"
    xsi:schemaLocation="http://www.loc.gov/MARC21/slim http://www.loc.gov/standards/marcxml/schema/MARC21slim.xsd"
    xmlns="http://www.loc.gov/MARC21/slim">

  <leader>03386nkm0a2200553   4500</leader>
  <controlfield tag="001">RU\NLR\BIBL_A\012209462</controlfield>
  <controlfield tag="005">20260409073021.0</controlfield>
  <datafield tag="035" ind1=" " ind2=" ">
    <subfield code="a">(NLR Aleph) 012209462</subfield>
  </datafield>
  <datafield tag="071" ind1="5" ind2="0">
    <subfield code="d">5 &#x43A;&#x43E;&#x43F;.</subfield>
    <subfield code="9">5000</subfield>
  </datafield>
  <datafield tag="090" ind1=" " ind2=" ">
    <subfield code="a">13537884</subfield>
    <subfield code="c">13537884</subfield>
  </datafield>
  <datafield tag="100" ind1=" " ind2=" ">
    <subfield code="a">20200206d1930    u  y0rusy50      ca</subfield>
  </datafield>
  <datafield tag="101" ind1="0" ind2=" ">
    <subfield code="a">rus</subfield>
  </datafield>
  <datafield tag="102" ind1=" " ind2=" ">
    <subfield code="a">RU</subfield>
  </datafield>
  <datafield tag="116" ind1=" " ind2=" ">
    <subfield code="a">diybxx    zz    ae</subfield>
  </datafield>
  <datafield tag="135" ind1=" " ind2=" ">
    <subfield code="a">crcn 024anaba</subfield>
  </datafield>
  <datafield tag="200" ind1="1" ind2=" ">
    <subfield code="a">&#x422;&#x430;&#x448;&#x43A;&#x435;&#x43D;&#x442;</subfield>
    <subfield code="h">&#x2116; 72</subfield>
    <subfield code="i">&#x412;&#x43E;&#x43A;&#x437;&#x430;&#x43B;</subfield>
    <subfield code="b">&#x418;&#x437;&#x43E;&#x43C;&#x430;&#x442;&#x435;&#x440;&#x438;&#x430;&#x43B;</subfield>
    <subfield code="e">&#x43F;&#x43E;&#x447;&#x442;&#x43E;&#x432;&#x430;&#x44F; &#x43A;&#x430;&#x440;&#x442;&#x43E;&#x447;&#x43A;&#x430;</subfield>
    <subfield code="f">&#x444;&#x43E;&#x442;&#x43E;&#x433;&#x440;. &#x418;.&#x41D;. &#x41F;&#x430;&#x43D;&#x43E;&#x432;&#x430;</subfield>
  </datafield>
  <datafield tag="210" ind1=" " ind2=" ">
    <subfield code="a">[&#x41C;&#x43E;&#x441;&#x43A;&#x432;&#x430;]</subfield>
    <subfield code="c">&#x413;&#x418;&#x417;</subfield>
    <subfield code="d">[1930?]</subfield>
    <subfield code="e">&#x41C;&#x43E;&#x441;&#x43A;&#x432;&#x430;</subfield>
    <subfield code="g">&#x422;&#x438;&#x43F;. "&#x418;&#x437;&#x432;. &#x426;&#x418;&#x41A; &#x421;&#x421;&#x421;&#x420; &#x438; &#x412;&#x426;&#x418;&#x41A;"</subfield>
  </datafield>
  <datafield tag="215" ind1=" " ind2=" ">
    <subfield code="a">1 &#x43B;.</subfield>
    <subfield code="c">&#x440;&#x430;&#x43A;&#x435;&#x43B;. &#x433;&#x43B;&#x443;&#x431;. &#x43F;&#x435;&#x447;.</subfield>
    <subfield code="d">10,5&#x445;14,7</subfield>
  </datafield>
  <datafield tag="300" ind1=" " ind2=" ">
    <subfield code="a">&#x41D;&#x430; &#x430;&#x434;&#x440;&#x435;&#x441;. &#x441;&#x442;&#x43E;&#x440;&#x43E;&#x43D;&#x435; &#x438;&#x437;&#x434;. &#x43C;&#x430;&#x440;&#x43A;&#x430; - &#x438;&#x441;&#x442;&#x43E;&#x447;&#x43D;&#x438;&#x43A; &#x441;&#x432;&#x435;&#x434;&#x435;&#x43D;&#x438;&#x439; &#x43E; &#x43D;&#x430;&#x438;&#x43C;&#x435;&#x43D;&#x43E;&#x432;&#x430;&#x43D;&#x438;&#x438; &#x438;&#x437;&#x434;&#x430;&#x442;&#x435;&#x43B;&#x44F;</subfield>
  </datafield>
  <datafield tag="300" ind1=" " ind2=" ">
    <subfield code="a">&#x426;&#x435;&#x43D;&#x437;. &#x440;&#x430;&#x437;&#x440;&#x435;&#x448;&#x435;&#x43D;&#x438;&#x435;: &#x413;&#x43B;&#x430;&#x432;&#x43B;. &#x410;-66140</subfield>
  </datafield>
  <datafield tag="300" ind1=" " ind2=" ">
    <subfield code="a">&#x412; &#x432;&#x44B;&#x43F;. &#x434;&#x430;&#x43D;.: &#x425;&#x420;&#x41E;-&#x413;&#x438;&#x437; &#x2116; 222</subfield>
  </datafield>
  <datafield tag="325" ind1=" " ind2=" ">
    <subfield code="a">&#x41A;&#x43E;&#x43F;&#x438;&#x44F; &#x434;&#x43E;&#x441;&#x442;&#x443;&#x43F;&#x43D;&#x430; &#x432; &#x42D;&#x43B;&#x435;&#x43A;&#x442;&#x440;&#x43E;&#x43D;. &#x431;-&#x43A;&#x435; &#x420;&#x41D;&#x411;</subfield>
  </datafield>
  <datafield tag="540" ind1="1" ind2=" ">
    <subfield code="a">&#x412;&#x43E;&#x43A;&#x437;&#x430;&#x43B; &#x421;&#x440;&#x435;&#x434;&#x43D;&#x435;&#x430;&#x437;&#x438;&#x430;&#x442;&#x441;&#x43A;&#x43E;&#x439; &#x436;&#x435;&#x43B;&#x435;&#x437;&#x43D;&#x43E;&#x439; &#x434;&#x43E;&#x440;&#x43E;&#x433;&#x438;, &#x422;&#x430;&#x448;&#x43A;&#x435;&#x43D;&#x442;</subfield>
  </datafield>
  <datafield tag="606" ind1="1" ind2=" ">
    <subfield code="a">&#x41F;&#x43E;&#x447;&#x442;&#x43E;&#x432;&#x44B;&#x435; &#x43E;&#x442;&#x43A;&#x440;&#x44B;&#x442;&#x43A;&#x438; &#x43C;&#x430;&#x440;&#x43A;&#x438;&#x440;&#x43E;&#x432;&#x430;&#x43D;&#x43D;&#x44B;&#x435; &#x445;&#x443;&#x434;&#x43E;&#x436;&#x435;&#x441;&#x442;&#x432;&#x435;&#x43D;&#x43D;&#x44B;&#x435;</subfield>
    <subfield code="y">&#x421;&#x421;&#x421;&#x420;</subfield>
    <subfield code="z">1917 - 1941</subfield>
    <subfield code="9">2195712</subfield>
    <subfield code="3">RU\NLR\AUTH\6601555037</subfield>
  </datafield>
  <datafield tag="606" ind1="1" ind2=" ">
    <subfield code="a">&#x424;&#x43E;&#x442;&#x43E;&#x433;&#x440;&#x430;&#x444;&#x438;&#x447;&#x435;&#x441;&#x43A;&#x438;&#x435; &#x43E;&#x442;&#x43A;&#x440;&#x44B;&#x442;&#x43A;&#x438;</subfield>
    <subfield code="9">2151039</subfield>
    <subfield code="3">RU\NLR\AUTH\661600135</subfield>
  </datafield>
  <datafield tag="606" ind1=" " ind2=" ">
    <subfield code="a">&#x412;&#x43E;&#x43A;&#x437;&#x430;&#x43B;&#x44B; (&#x436;.-&#x434;.)</subfield>
    <subfield code="j">&#x41E;&#x442;&#x43A;&#x440;&#x44B;&#x442;&#x43A;&#x438;</subfield>
    <subfield code="3">RU\NLR\AUTH\661250786</subfield>
    <subfield code="9">2075702</subfield>
  </datafield>
  <datafield tag="607" ind1=" " ind2=" ">
    <subfield code="a">&#x422;&#x430;&#x448;&#x43A;&#x435;&#x43D;&#x442;, &#x433;&#x43E;&#x440;&#x43E;&#x434; (&#x423;&#x437;&#x431;&#x435;&#x43A;&#x438;&#x441;&#x442;&#x430;&#x43D;)</subfield>
    <subfield code="j">&#x41E;&#x442;&#x43A;&#x440;&#x44B;&#x442;&#x43A;&#x438;</subfield>
    <subfield code="9">1144611</subfield>
    <subfield code="3">RU\NLR\AUTH\66137638</subfield>
  </datafield>
  <datafield tag="610" ind1="1" ind2=" ">
    <subfield code="a">&#x412;&#x438;&#x434;&#x43E;&#x432;&#x44B;&#x435; &#x43E;&#x442;&#x43A;&#x440;&#x44B;&#x442;&#x43A;&#x438;</subfield>
  </datafield>
  <datafield tag="617" ind1=" " ind2=" ">
    <subfield code="a">&#x421;&#x421;&#x421;&#x420;</subfield>
    <subfield code="b">&#x423;&#x437;&#x421;&#x421;&#x420;</subfield>
    <subfield code="d">&#x422;&#x430;&#x448;&#x43A;&#x435;&#x43D;&#x442;, &#x433;&#x43E;&#x440;&#x43E;&#x434;</subfield>
    <subfield code="e">&#x416;&#x435;&#x43B;&#x435;&#x437;&#x43D;&#x43E;&#x434;&#x43E;&#x440;&#x43E;&#x436;&#x43D;&#x44B;&#x439; &#x432;&#x43E;&#x43A;&#x437;&#x430;&#x43B;</subfield>
  </datafield>
  <datafield tag="686" ind1="0" ind2=" ">
    <subfield code="a">&#x429;153(2)7-489</subfield>
  </datafield>
  <datafield tag="702" ind1=" " ind2="1">
    <subfield code="a">&#x41F;&#x430;&#x43D;&#x43E;&#x432;</subfield>
    <subfield code="b">&#x418;. &#x41D;.</subfield>
    <subfield code="g">&#x418;&#x432;&#x430;&#x43D; &#x41D;&#x438;&#x43A;&#x43E;&#x43B;&#x430;&#x435;&#x432;&#x438;&#x447;</subfield>
    <subfield code="4">600</subfield>
  </datafield>
  <datafield tag="711" ind1="0" ind2="2">
    <subfield code="a">&#x422;&#x430;&#x448;&#x43A;&#x435;&#x43D;&#x442;&#x441;&#x43A;&#x438;&#x439; &#x432;&#x43E;&#x43A;&#x437;&#x430;&#x43B;</subfield>
    <subfield code="9">750350</subfield>
    <subfield code="3">RU\NLR\AUTH\880542994</subfield>
  </datafield>
  <datafield tag="712" ind1="0" ind2="2">
    <subfield code="4">650</subfield>
    <subfield code="a">&#x413;&#x43E;&#x441;&#x443;&#x434;&#x430;&#x440;&#x441;&#x442;&#x432;&#x435;&#x43D;&#x43D;&#x43E;&#x435; &#x438;&#x437;&#x434;&#x430;&#x442;&#x435;&#x43B;&#x44C;&#x441;&#x442;&#x432;&#x43E; &#x420;&#x421;&#x424;&#x421;&#x420;</subfield>
    <subfield code="3">RU\NLR\AUTH\8810050489</subfield>
    <subfield code="9">601118</subfield>
  </datafield>
  <datafield tag="712" ind1="0" ind2="2">
    <subfield code="4">610</subfield>
    <subfield code="a">"&#x418;&#x437;&#x432;&#x435;&#x441;&#x442;&#x438;&#x44F; &#x426;&#x418;&#x41A; &#x421;&#x421;&#x421;&#x420; &#x438; &#x412;&#x426;&#x418;&#x41A;", &#x438;&#x437;&#x434;&#x430;&#x442;&#x435;&#x43B;&#x44C;&#x441;&#x442;&#x432;&#x43E;</subfield>
    <subfield code="c">&#x41C;&#x43E;&#x441;&#x43A;&#x432;&#x430;</subfield>
    <subfield code="b">&#x422;&#x438;&#x43F;&#x43E;&#x433;&#x440;&#x430;&#x444;&#x438;&#x44F;</subfield>
    <subfield code="3">RU\NLR\AUTH\880460424</subfield>
    <subfield code="9">583539</subfield>
  </datafield>
  <datafield tag="830" ind1=" " ind2=" ">
    <subfield code="a">&#x418;.&#x41D;. &#x41F;&#x430;&#x43D;&#x43E;&#x432;: https://mytashkent.uz/2017/03/22/ivan-panov/ (06.02.2020). &#x410;.&#x42F;. &#x41E;&#x42D;&#x441;&#x442;</subfield>
  </datafield>
  <datafield tag="830" ind1=" " ind2=" ">
    <subfield code="a">&#x421;&#x440;&#x435;&#x434;&#x43D;&#x435;&#x430;&#x437;&#x438;&#x430;&#x442;&#x441;&#x43A;&#x430;&#x44F; &#x436;&#x435;&#x43B;&#x435;&#x437;&#x43D;&#x430;&#x44F; &#x434;&#x43E;&#x440;&#x43E;&#x433;&#x430;: http://railway.uz/ru/gazhk/istoriya_zheleznykh_dorog/ (06.02.2020). &#x410;.&#x42F;. &#x41E;&#x42D;&#x441;&#x442;</subfield>
  </datafield>
  <datafield tag="830" ind1=" " ind2=" ">
    <subfield code="a">&#x41E;&#x442;&#x43A;&#x440;&#x44B;&#x442;&#x43A;&#x430; &#x434;&#x430;&#x442;&#x438;&#x440;&#x43E;&#x432;&#x430;&#x43D;&#x430; &#x43F;&#x43E; &#x44D;&#x43A;&#x437;. &#x420;&#x41D;&#x411; &#x43D;&#x430; &#x448;&#x438;&#x444;&#x440;&#x435; &#x42D; &#x41E;&#x422;63/&#x422;253, &#x438;&#x43D;&#x432;.185264: &#x43D;&#x430; &#x430;&#x434;&#x440;&#x435;&#x441;&#x43D;&#x43E;&#x439; &#x441;&#x442;&#x43E;&#x440;&#x43E;&#x43D;&#x435; &#x448;&#x442;&#x430;&#x43C;&#x43F;, &#x441;&#x43E;&#x434;&#x435;&#x440;&#x436;&#x430;&#x449;&#x438;&#x439; &#x433;&#x43E;&#x434; &#x43F;&#x43E;&#x441;&#x442;&#x443;&#x43F;&#x43B;&#x435;&#x43D;&#x438;&#x44F; &#x432; &#x420;&#x41D;&#x411;: "&#x413;.&#x41F;.&#x411;-&#x43A;&#x430; &#x43E;&#x431;&#x44F;&#x437;. &#x44D;&#x43A;&#x437;. &#x41B;&#x43D;&#x433;&#x440;. 1930 &#x433;. &#x410;&#x43A;&#x442; &#x2116;". &#x410;.&#x42F;. &#x41E;&#x42D;&#x441;&#x442;</subfield>
  </datafield>
  <datafield tag="852" ind1="0" ind2="0">
    <subfield code="a">NLR</subfield>
    <subfield code="b">&#x42D;</subfield>
    <subfield code="j">&#x41E;&#x422;63/&#x422;253</subfield>
    <subfield code="m">&#x438;&#x43D;&#x432;.185264</subfield>
  </datafield>
  <datafield tag="856" ind1=" " ind2="0">
    <subfield code="u">https://vivaldi.nlr.ru/lo000072213/view</subfield>
  </datafield>
  <datafield tag="856" ind1=" " ind2="1">
    <subfield code="u">https://vivaldi.nlr.ru/lo000072213/cover</subfield>
  </datafield>
  <datafield tag="856" ind1=" " ind2="2">
    <subfield code="u">https://vivaldi.nlr.ru/lo000072213/text</subfield>
  </datafield>
  <datafield tag="942" ind1=" " ind2=" ">
    <subfield code="c">VISUAL</subfield>
  </datafield>
  <datafield tag="980" ind1=" " ind2=" ">
    <subfield code="a">NB</subfield>
  </datafield>
  <datafield tag="981" ind1="1" ind2="7">
    <subfield code="a">(17) &#x418;&#x437;&#x43E;&#x433;&#x440;&#x430;&#x444;&#x438;&#x447;&#x435;&#x441;&#x43A;&#x438;&#x435; &#x43C;&#x430;&#x442;&#x435;&#x440;&#x438;&#x430;&#x43B;&#x44B;</subfield>
    <subfield code="b">(17) &#x41E;&#x442;&#x43A;&#x440;&#x44B;&#x442;&#x43A;&#x438;</subfield>
  </datafield>
</record>
